[Event "California-ch"]
[Site "USA"]
[Date "1996.??.??"]
[Round "5"]
[White "Koploy, Paul"]
[Black "Silman, Jeremy D"]
[Result "1/2-1/2"]
[WhiteElo "2330"]
[BlackElo "2395"]
[PlyCount "26"]
[EventDate "1996.??.??"]
[EventType "tourn"]
[EventRounds "6"]
[EventCountry "USA"]
[EventCategory "5"]
[SourceTitle "EXT 1998"]
[Source "ChessBase"]
[SourceDate "1997.11.17"]
[SourceVersion "1"]
[SourceVersionDate "1997.11.17"]
[SourceQuality "1"]

1. d4 d6 2. e4 Nf6 3. Nc3 c6 4. h3 g6 5. Nf3 Bg7 6. Bf4 0-0 7. Qd2 b5 8. a3 a6 9. Rd1 Nbd7 10. e5 Ne8 11. Bd3 Nb6 12. 0-0 Be6 13. Rfe1 Nd5 1/2-1/2

[Event "Budapest FS02 GM"]
[Site "Budapest"]
[Date "1994.??.??"]
[Round "1"]
[White "Bezold, Michael"]
[Black "Silman, Jeremy D"]
[Result "1/2-1/2"]
[WhiteElo "2515"]
[BlackElo "2405"]
[PlyCount "122"]
[EventDate "1994.02.??"]
[EventType "tourn"]
[EventRounds "13"]
[EventCountry "HUN"]
[EventCategory "9"]
[SourceTitle "CBM 040"]
[Source "ChessBase"]
[SourceDate "1994.06.01"]
[SourceVersion "1"]
[SourceVersionDate "1994.06.01"]
[SourceQuality "1"]

1. g3 d5 2. Bg2 Nf6 3. Nf3 Bf5 4. 0-0 e6 5. d3 Be7 6. c4 c6 7. Nc3 dxc4 8. dxc4 Qxd1 9. Rxd1 Nbd7 10. Nh4 Bc2 11. Rd2 Bg6 12. b3 0-0-0 13. Nxg6 hxg6 14. Rb1 Ne5 15. Rc2 Nfd7 16. Ne4 Nc5 17. Ba3 Nxe4 18. Bxe7 Rd7 19. Bb4 f5 20. f3 Nf6 21. Bc5 b6 22. Be3 Nf7 23. a4 Rhd8 24. Rcc1 Kb7 25. a5 e5 26. Ra1 g5 27. Kf1 f4 28. Bg1 Rd2 29. Bh3 g4 30. Bxg4 Nxg4 31. fxg4 Ng5 32. gxf4 exf4 33. Bf2 Ne4 34. Be1 Rb2 35. Rd1 Rxd1 36. Rxd1 Rxb3 37. axb6 axb6 38. Rd4 Re3 39. Rd7+ Ka6 40. Rxg7 b5 41. cxb5+ Kxb5 42. Rf7 c5 43. Rxf4 c4 44. Rf3 c3 45. Rxe3 c2 46. Rc3 Nxc3 47. Bd2 Kc4 48. h4 Kd5 49. h5 Ke6 50. h6 Ne4 51. Bc1 Kf6 52. Kg2 Kg6 53. Kf3 Nc5 54. g5 Nb3 55. Bb2 c1Q 56. Bxc1 Nxc1 57. Ke3 Nb3 58. Ke4 Nc5+ 59. Kd5 Nd7 60. h7 Kxh7 61. Ke6 Kg6 1/2-1/2

[Event "Budapest FS03 GM"]
[Site "Budapest"]
[Date "1994.??.??"]
[Round "8"]
[White "Dao, Thien Hai"]
[Black "Silman, Jeremy D"]
[Result "1/2-1/2"]
[WhiteElo "2495"]
[BlackElo "2405"]
[PlyCount "28"]
[EventDate "1994.03.??"]
[EventType "tourn"]
[EventRounds "11"]
[EventCountry "HUN"]
[EventCategory "8"]
[SourceTitle "CBM 042 Extra"]
[Source "ChessBase"]
[SourceDate "1994.11.01"]
[SourceVersion "1"]
[SourceVersionDate "1994.11.01"]
[SourceQuality "1"]

1. d4 d5 2. c4 c6 3. Nf3 Nf6 4. Nc3 dxc4 5. a4 Bf5 6. e3 e6 7. Bxc4 Bb4 8. 0-0 Nbd7 9. Qb3 a5 10. Na2 Be7 11. Nh4 Be4 12. Nc3 Bd5 13. Bxd5 Nxd5 14. Nf3 Qb6 1/2-1/2

[Event "Budapest FS02 GM"]
[Site "Budapest"]
[Date "1994.??.??"]
[Round "10"]
[White "Siebrecht, Sebastian"]
[Black "Silman, Jeremy D"]
[Result "1/2-1/2"]
[WhiteElo "2360"]
[BlackElo "2405"]
[PlyCount "60"]
[EventDate "1994.02.??"]
[EventType "tourn"]
[EventRounds "13"]
[EventCountry "HUN"]
[EventCategory "9"]
[SourceTitle "CBM 040"]
[Source "ChessBase"]
[SourceDate "1994.06.01"]
[SourceVersion "1"]
[SourceVersionDate "1994.06.01"]
[SourceQuality "1"]

1. e4 c5 2. Nf3 Nc6 3. Bb5 g6 4. 0-0 Bg7 5. Re1 Nf6 6. c3 0-0 7. e5 Nd5 8. d4 cxd4 9. cxd4 d6 10. Bxc6 bxc6 11. Nc3 Bg4 12. h3 Nxc3 13. bxc3 Bxf3 14. Qxf3 dxe5 15. dxe5 Qa5 16. Bf4 Rfd8 17. Qxc6 Rac8 18. Qb7 Rc7 19. Qb4 Qxb4 20. cxb4 Rd4 21. g3 Rxb4 22. Rac1 Rbc4 23. Rb1 e6 24. Rb8+ Rc8 25. Rb7 Ra4 26. Re2 h6 27. h4 a6 28. Rd2 h5 29. Rdd7 Rf8 30. Rb2 Ra8 1/2-1/2

[Event "Pardubice op"]
[Site "Pardubice"]
[Date "1994.??.??"]
[Round "5"]
[White "Silman, Jeremy D"]
[Black "Golod, Vitali"]
[Result "1/2-1/2"]
[WhiteElo "2415"]
[BlackElo "2505"]
[PlyCount "104"]
[EventDate "1994.07.??"]
[EventType "swiss"]
[EventRounds "9"]
[EventCountry "CZE"]
[SourceTitle "EXT 1997"]
[Source "ChessBase"]
[SourceDate "1996.11.15"]
[SourceVersion "1"]
[SourceVersionDate "1996.11.15"]
[SourceQuality "1"]

1. d4 Nf6 2. c4 g6 3. Nc3 Bg7 4. e4 d6 5. Bd3 0-0 6. Nge2 Nc6 7. 0-0 e5 8. d5 Nd4 9. Bg5 h6 10. Bh4 c5 11. Nxd4 exd4 12. Nb1 g5 13. Bg3 Ng4 14. Nd2 Be5 15. Be2 Bxg3 16. Bxg4 Bf4 17. Bxc8 Rxc8 18. g3 Bxd2 19. Qxd2 Qf6 20. f4 Rce8 21. Rae1 Qg7 22. Kh1 Re7 23. Rf2 Rfe8 24. Rfe2 f6 25. Qd3 Qg6 26. b4 b6 27. b5 g4 28. Kg1 Kf7 29. a4 h5 30. Kf1 Qh7 31. Qb1 Kf8 32. Qd3 h4 33. Kg1 hxg3 34. hxg3 Qg6 35. f5 Qg5 36. Rh2 Kg7 37. Rh4 Re5 38. Re2 R8e7 39. Reh2 Re8 40. Rh7+ Kf8 41. Rxa7 R5e7 42. Rh8+ Kg7 43. Rxe7+ Rxe7 44. Rh4 Ra7 45. Qe2 d3 46. Qxd3 Qc1+ 47. Qf1 Qe3+ 48. Kh2 Qd2+ 49. Qg2 Qd1 50. Qh1 Qe2+ 51. Qg2 Qd1 52. Qh1 Qe2+ 1/2-1/2

[Event "Budapest FS03 GM"]
[Site "Budapest"]
[Date "1994.??.??"]
[Round "3"]
[White "Silman, Jeremy D"]
[Black "Gyimesi, Zoltan"]
[Result "1/2-1/2"]
[WhiteElo "2405"]
[BlackElo "2360"]
[PlyCount "66"]
[EventDate "1994.03.??"]
[EventType "tourn"]
[EventRounds "11"]
[EventCountry "HUN"]
[EventCategory "8"]
[SourceTitle "CBM 042 Extra"]
[Source "ChessBase"]
[SourceDate "1994.11.01"]
[SourceVersion "1"]
[SourceVersionDate "1994.11.01"]
[SourceQuality "1"]

1. d4 d5 2. c4 dxc4 3. Nf3 c5 4. e3 cxd4 5. Bxc4 Qc7 6. Qb3 e6 7. exd4 a6 8. Nc3 Nc6 9. Bd3 Nf6 10. 0-0 Be7 11. Bg5 0-0 12. Rad1 Rd8 13. Bb1 h6 14. Bh4 b5 15. Rfe1 g6 16. d5 Na5 17. Qc2 b4 18. d6 Rxd6 19. Rxd6 Bxd6 20. Bxf6 bxc3 21. Bxc3 Nc6 22. h4 e5 23. Qd2 Bg4 24. Be4 Kh7 25. Bxc6 Qxc6 26. Nxe5 Bxe5 27. Rxe5 Be6 28. h5 Rg8 29. f3 Bxa2 30. Qe3 gxh5 31. Qe4+ Qxe4 32. Rxe4 Bd5 33. Rf4 Be6 1/2-1/2

[Event "Budapest FS03 GM"]
[Site "Budapest"]
[Date "1994.??.??"]
[Round "2"]
[White "Zueger, Beat"]
[Black "Silman, Jeremy D"]
[Result "1/2-1/2"]
[WhiteElo "2425"]
[BlackElo "2405"]
[PlyCount "36"]
[EventDate "1994.03.??"]
[EventType "tourn"]
[EventRounds "11"]
[EventCountry "HUN"]
[EventCategory "8"]
[SourceTitle "CBM 042 Extra"]
[Source "ChessBase"]
[SourceDate "1994.11.01"]
[SourceVersion "1"]
[SourceVersionDate "1994.11.01"]
[SourceQuality "1"]

1. c4 c6 2. Nf3 d5 3. d4 Nf6 4. Nc3 dxc4 5. e3 b5 6. a4 b4 7. Na2 e6 8. Bxc4 Bb7 9. 0-0 Nbd7 10. b3 Be7 11. Bb2 0-0 12. Nc1 a5 13. Nd3 c5 14. Rc1 Rc8 15. Qe2 Bd6 16. Rfd1 Qe7 17. dxc5 Nxc5 18. Nxc5 Bxc5 1/2-1/2

[Event "Fishbecks"]
[Site "Pasadena"]
[Date "1992.??.??"]
[Round "?"]
[White "Silman, Jeremy D"]
[Black "Muhammad, Stephen A"]
[Result "1-0"]
[WhiteElo "2395"]
[BlackElo "2235"]
[PlyCount "121"]
[EventDate "1992.??.??"]
[EventType "tourn"]
[EventRounds "11"]
[EventCountry "USA"]
[SourceTitle "EXT 1999"]
[Source "ChessBase"]
[SourceDate "1998.11.16"]
[SourceVersion "1"]
[SourceVersionDate "1998.11.16"]
[SourceQuality "1"]

1. d4 Nf6 2. c4 g6 3. Nc3 Bg7 4. Nf3 0-0 5. g3 d5 6. cxd5 Nxd5 7. Bg2 c5 8. 0-0 Nc6 9. Nxd5 Qxd5 10. Be3 Qh5 11. dxc5 Bxb2 12. Rb1 Bf6 13. Qc1 Rb8 14. Rd1 Bf5 15. Rb5 e5 16. Qb2 Rbd8 17. Rd6 Be7 18. Rd2 Rxd2 19. Nxd2 Nd4 20. Bxd4 exd4 21. Bf3 Qh6 22. Nb3 b6 23. cxb6 axb6 24. Qxd4 Rd8 25. Rd5 Rxd5 26. Bxd5 g5 27. Qa4 Qf6 28. Nd4 Bc5 29. e3 Bg6 30. Kg2 Qe5 31. Bf3 h5 32. h3 h4 33. Nc6 Qb2 34. Qb3 Qd2 35. gxh4 Bc2 36. Qd5 Bxe3 37. Qxd2 Bxd2 38. hxg5 Bxg5 39. Bd5 Bf6 40. f4 Ba4 41. Ne5 Be8 42. Kg3 Kg7 43. Kg4 Be7 44. Bc6 f6 45. Bxe8 fxe5 46. fxe5 Kf8 47. Bb5 Bc5 48. h4 Bd4 49. Kf5 Ke7 50. h5 Be3 51. Ke4 Bc1 52. Kd5 Bf4 53. a4 Bd2 54. Be2 Bh6 55. Bg4 Bf4 56. Ke4 Bd2 57. Kf5 Bc1 58. Kg6 Bf4 59. e6 Bd6 60. h6 Bb4 61. Kg7 1-0

[Event "New York op"]
[Site "New York"]
[Date "1991.??.??"]
[Round "7"]
[White "Ivanov, Alexander"]
[Black "Silman, Jeremy D"]
[Result "1/2-1/2"]
[WhiteElo "2525"]
[BlackElo "2380"]
[PlyCount "70"]
[EventDate "1991.03.??"]
[EventType "swiss"]
[EventRounds "9"]
[EventCountry "USA"]
[SourceTitle "CBM 023"]
[Source "ChessBase"]
[SourceDate "1991.08.01"]
[SourceVersion "1"]
[SourceVersionDate "1991.08.01"]
[SourceQuality "1"]

1. e4 c5 2. Nf3 Nc6 3. d4 cxd4 4. Nxd4 g6 5. Nc3 Bg7 6. Nde2 Nf6 7. g3 b5 8. Bg2 Rb8 9. 0-0 0-0 10. Bf4 d6 11. Qd2 b4 12. Nd5 Nxd5 13. exd5 Na5 14. b3 Ba6 15. a3 Bxe2 16. Qxe2 Bxa1 17. Rxa1 bxa3 18. Rxa3 Qc7 19. Qa6 Nb7 20. Qc6 Qb6 21. Qd7 Rfe8 22. Be3 Nc5 23. Qxa7 Qxa7 24. Rxa7 Ra8 25. Rc7 Rac8 26. Rc6 Nb7 27. Bh3 f5 28. Rb6 Nd8 29. g4 fxg4 30. Bxg4 Rxc2 31. Bg5 Rc7 32. Rb4 h5 33. Bh3 Rb7 34. Re4 Rxb3 35. Kg2 Nf7 1/2-1/2

[Event "Flagstaff op"]
[Site "Flagstaff"]
[Date "1991.??.??"]
[Round "?"]
[White "Lower, Spencer R"]
[Black "Silman, Jeremy D"]
[Result "1/2-1/2"]
[WhiteElo "2245"]
[BlackElo "2380"]
[PlyCount "73"]
[EventDate "1991.??.??"]
[EventType "swiss"]
[EventRounds "5"]
[EventCountry "USA"]
[SourceTitle "EXT 1997"]
[Source "ChessBase"]
[SourceDate "1996.11.15"]
[SourceVersion "1"]
[SourceVersionDate "1996.11.15"]
[SourceQuality "1"]

1. d4 d5 2. c4 c6 3. cxd5 cxd5 4. Nc3 Nf6 5. Nf3 e6 6. Bf4 Bd6 7. Bxd6 Qxd6 8. Ne5 0-0 9. e3 a6 10. Bd3 Nbd7 11. f4 b5 12. 0-0 Bb7 13. Qf3 b4 14. Nd1 Ne4 15. Nf2 f5 16. Rfc1 Rac8 17. Nxd7 Qxd7 18. Qd1 a5 19. Be2 Rfd8 20. Bd3 h6 21. Rxc8 Rxc8 22. Rc1 Nd6 23. Rxc8+ Qxc8 24. Kf1 Ba6 25. Bxa6 Qxa6+ 26. Nd3 Qc4 27. Qb3 Ne4 28. Ke1 Kf8 29. Ke2 g5 30. fxg5 hxg5 31. Qxc4 dxc4 32. Ne5 c3 33. Kd3 cxb2 34. Kc2 Nc3 35. Kxb2 Nd1+ 36. Kb3 Nxe3 37. Ka4 1/2-1/2

[Event "World op 19th"]
[Site "Philadelphia"]
[Date "1991.??.??"]
[Round "3"]
[White "Marcus, Joost"]
[Black "Silman, Jeremy D"]
[Result "0-1"]
[WhiteElo "2300"]
[BlackElo "2390"]
[PlyCount "92"]
[EventDate "1991.07.??"]
[EventType "swiss"]
[EventRounds "9"]
[EventCountry "USA"]
[SourceTitle "EXT 2000"]
[Source "ChessBase"]
[SourceDate "1999.11.16"]
[SourceVersion "1"]
[SourceVersionDate "1999.11.16"]
[SourceQuality "1"]

1. e4 c5 2. Nf3 Nc6 3. d4 cxd4 4. Nxd4 g6 5. c4 Nf6 6. Nc3 d6 7. Be2 Nxd4 8. Qxd4 Bg7 9. Be3 0-0 10. Qd2 Be6 11. 0-0 Qa5 12. f3 Rfc8 13. b3 a6 14. Rac1 b5 15. Nd5 Qxd2 16. Bxd2 Nxd5 17. cxd5 Bd4+ 18. Kh1 Bd7 19. Bd3 Bb2 20. Rb1 Bc3 21. Bg5 Kf8 22. a3 a5 23. Rfc1 b4 24. a4 Bd4 25. Bd2 h5 26. Rxc8+ Rxc8 27. Rc1 Rxc1+ 28. Bxc1 Ke8 29. h4 Bf2 30. Bg5 Kd8 31. Kh2 f6 32. Bd2 Bxh4 33. e5 dxe5 34. Bxg6 Bg5 35. Bxg5 fxg5 36. Kg1 Be8 37. Bxe8 Kxe8 38. Kf2 Kd7 39. Ke3 Kd6 40. Ke4 e6 41. dxe6 Kxe6 42. Kd3 Kd5 43. Ke3 h4 44. Kd3 e4+ 45. fxe4+ Ke5 46. Ke3 g4 0-1

[Event "World op 19th"]
[Site "Philadelphia"]
[Date "1991.??.??"]
[Round "4"]
[White "Silman, Jeremy D"]
[Black "Berube, Richard"]
[Result "1-0"]
[WhiteElo "2390"]
[BlackElo "2260"]
[PlyCount "51"]
[EventDate "1991.07.??"]
[EventType "swiss"]
[EventRounds "9"]
[EventCountry "USA"]
[SourceTitle "EXT 2000"]
[Source "ChessBase"]
[SourceDate "1999.11.16"]
[SourceVersion "1"]
[SourceVersionDate "1999.11.16"]
[SourceQuality "1"]

1. d4 Nf6 2. c4 e6 3. Nc3 Bb4 4. Qc2 c5 5. dxc5 Nc6 6. Nf3 Bxc5 7. Bg5 Be7 8. e4 Qa5 9. Bd2 Qc7 10. h3 a6 11. Be2 Ne5 12. Nxe5 Qxe5 13. f4 Qd4 14. e5 Ng8 15. 0-0-0 f6 16. Kb1 fxe5 17. Bh5+ g6 18. Bxg6+ hxg6 19. Qxg6+ Kd8 20. Nd5 Qxd2 21. Rxd2 exd5 22. fxe5 d6 23. Qg7 Bf5+ 24. Ka1 Kd7 25. Qxh8 Bg6 26. Qg7 1-0

[Event "Flagstaff op"]
[Site "Flagstaff"]
[Date "1991.??.??"]
[Round "?"]
[White "Silman, Jeremy D"]
[Black "Christensen, Wayne"]
[Result "1-0"]
[WhiteElo "2380"]
[BlackElo "2235"]
[PlyCount "89"]
[EventDate "1991.??.??"]
[EventType "swiss"]
[EventRounds "5"]
[EventCountry "USA"]
[SourceTitle "EXT 1997"]
[Source "ChessBase"]
[SourceDate "1996.11.15"]
[SourceVersion "1"]
[SourceVersionDate "1996.11.15"]
[SourceQuality "1"]

1. d4 Nf6 2. c4 g6 3. Nc3 d5 4. Nf3 Bg7 5. Bg5 dxc4 6. e4 0-0 7. Bxc4 Bg4 8. Be3 a6 9. h3 Bxf3 10. Qxf3 Nbd7 11. e5 Ne8 12. Qxb7 Rb8 13. Qxa6 Rxb2 14. Bb3 c5 15. 0-0-0 cxd4 16. Bxd4 Nc7 17. Qc6 Rxb3 18. axb3 Qc8 19. f4 Nb8 20. Qc4 Ne6 21. Nd5 Qxc4+ 22. bxc4 Nc6 23. Bc3 f6 24. exf6 exf6 25. Rhe1 Ncd8 26. Kc2 f5 27. Bxg7 Kxg7 28. Kc3 Rf7 29. Ra1 Nc5 30. Re7 Ne4+ 31. Kc2 Nc6 32. Rxf7+ Kxf7 33. Ra6 Nd4+ 34. Kb2 Nc5 35. Ra7+ Ke8 36. Rxh7 Nde6 37. Ka3 Kd8 38. Kb4 Nd3+ 39. Kb5 Ndxf4 40. Nxf4 Nxf4 41. Kb6 Nxg2 42. c5 f4 43. c6 f3 44. c7+ Kc8 45. Kc6 1-0

[Event "New York op"]
[Site "New York"]
[Date "1991.??.??"]
[Round "6"]
[White "Silman, Jeremy D"]
[Black "Gurevich, Dmitry"]
[Result "1/2-1/2"]
[WhiteElo "2380"]
[BlackElo "2460"]
[PlyCount "23"]
[EventDate "1991.03.??"]
[EventType "swiss"]
[EventRounds "9"]
[EventCountry "USA"]
[SourceTitle "CBM 023"]
[Source "ChessBase"]
[SourceDate "1991.08.01"]
[SourceVersion "1"]
[SourceVersionDate "1991.08.01"]
[SourceQuality "1"]

1. d4 Nf6 2. c4 e6 3. Nf3 a6 4. Nc3 c5 5. e3 d5 6. cxd5 exd5 7. Be2 c4 8. 0-0 b5 9. Ne5 Bb7 10. e4 Be7 11. exd5 0-0 12. a4 1/2-1/2

[Event "World op 18th"]
[Site "Philadelphia"]
[Date "1990.??.??"]
[Round "1"]
[White "Brown, Doug"]
[Black "Silman, Jeremy D"]
[Result "0-1"]
[WhiteElo "2220"]
[BlackElo "2390"]
[PlyCount "70"]
[EventDate "1990.06.??"]
[EventType "swiss"]
[EventRounds "9"]
[EventCountry "USA"]
[SourceTitle "EXT 1997"]
[Source "ChessBase"]
[SourceDate "1996.11.15"]
[SourceVersion "1"]
[SourceVersionDate "1996.11.15"]
[SourceQuality "1"]

1. e4 c5 2. c3 d5 3. exd5 Qxd5 4. d4 e6 5. Nf3 Nf6 6. Be2 Nc6 7. Na3 Qd8 8. Bg5 cxd4 9. Nxd4 Nxd4 10. cxd4 Bb4+ 11. Bd2 Bxd2+ 12. Qxd2 0-0 13. 0-0 b6 14. Bf3 Nd5 15. Nc2 Bb7 16. Ne3 Qd7 17. Rac1 Rfd8 18. Rfd1 Nf4 19. Ng4 Bxf3 20. gxf3 Qxd4 21. Qxd4 Ne2+ 22. Kg2 Nxd4 23. Rc7 f6 24. f4 b5 25. Rd3 Ne2 26. Rxd8+ Rxd8 27. Rxa7 Nxf4+ 28. Kf3 Nd3 29. b4 Rd4 30. a4 Rxb4 31. Ra8+ Kf7 32. Ra7+ Kg6 33. Rb7 Rb3 34. Rxb5 Ra3 35. Ra5 Nb2+ 0-1